000 00576nam a2200217Ia 4500
003 OSt
005 20220924121259.0
006 a|||||r|||| 00| 0
007 ta
008 220923b |||||||| |||| 00| 0 urd d
024 _a321891
037 _cTextual
040 _aARTS
_cARTS
_burd
041 _2urd
_aurd
082 _aQ78M9:g, 168H1.2
100 _aAarif Au.
_9185142
245 0 _aIfadatul Afham
260 _aHyderabad
_bDar matbua Akhtar India
_c1941
942 _hQ78M9:g, 168H1.2
_cTEXL
_2CC
999 _c406772
_d406772